[Event "Yambol Diana op 1st"]
[Site "Yambol"]
[Date "2016.01.23"]
[Round "3"]
[White "Stoyanov, Stojan Slavov"]
[Black "Kazlachev, Nikola"]
[Result "1/2-1/2"]
[WhiteElo "1978"]
[BlackElo "1656"]
[PlyCount "79"]
[EventDate "2016.01.23"]
[EventType "swiss"]
[EventRounds "6"]
[EventCountry "BUL"]
[SourceTitle "CBM 170 Extra"]
[Source "ChessBase"]
[SourceDate "2016.02.25"]
[SourceVersion "1"]
[SourceVersionDate "2016.02.25"]
[SourceQuality "1"]

1. f4 d5 2. Nf3 Nf6 3. b3 g6 4. Bb2 Bg7 5. e3 0-0 6. Be2 b6 7. 0-0 c5 8. c4 Bb7 9. cxd5 Bxd5 10. Nc3 Bb7 11. Qc2 Nc6 12. a3 Qd7 13. Rad1 Rad8 14. Ne4 Nxe4 15. Bxg7 Kxg7 16. Qxe4 Nd4 17. Qb1 Nxe2+ 18. Kf2 Ba6 19. d3 Bxd3 20. Qb2+ Kg8 21. Ne5 Qf5 22. Nxd3 Nxf4 23. Nxf4 g5 24. Kg1 gxf4 25. Rde1 Qg6 26. exf4 Qd6 27. Rf3 f6 28. Qc2 Rf7 29. Rg3+ Rg7 30. Qf2 Rf8 31. Rxg7+ Kxg7 32. Qg3+ Kh8 33. Qe3 Rf7 34. f5 Kg7 35. Qf3 Qd7 36. Rd1 Qc7 37. Rd3 Rf8 38. Qh5 Qe5 39. h3 Rg8 40. Qf3 1/2-1/2